000 00446nam a2200169Ia 4500
005 20250507130158.0
008 008 250505s9999 xx 000 0 eng d
037 _aSeries Article
040 _aEASL
_beng
_cEASL
041 _aeng
_2eng
084 _qEASL
245 0 _aEuropean union's headache Cui Hongjian
260 _aChina
_bBeijing Beijing Review
_c2003
300 _a13-15
942 _cSRA
999 _c1318148
_d1318148